Biblical 'E' Scramble Quiz Stats

 Plays Quiz not verified by Sporcle

Score 0/10 Timer 06:00
0 Plays Today
Scramble E Word % Correct
AREZEzra
98.5%
UAESEsau
94.9%
AJLEIHElijah
94.4%
KEEZLEIEzekiel
91.5%
REHSETEsther
89%
CHEONEnoch
86.2%
TACLESEICSSEEcclesiastes
83.1%
HISLAEElisha
82.8%
NPESIESAHEphesians
77.7%
SHILBETAEElisabeth
72.8%

You're not logged in!

Compare scores with friends on all Sporcle quizzes.
OR
Log In

Sporcle TV

Today on Sporcle TV


Watch our educational content, quiz creation guides, and fun videos on Sporcle TV.

Show Comments

Extras

Top Quizzes Today


Score Distribution

Your Account Isn't Verified!

In order to create a playlist on Sporcle, you need to verify the email address you used during registration. Go to your Sporcle Settings to finish the process.

Report this User

Report this user for behavior that violates our Community Guidelines.

Details: